| 000 | 00718nam a2200205Ia 4500 | ||
|---|---|---|---|
| 003 | GCL | ||
| 008 | 140319s9999 xx 000 0 ara d | ||
| 040 |
_aGCL / _cGCL |
||
| 082 | 0 | 4 |
_a216.2 _bع د |
| 100 | 1 | _aعبدالرحمن بدوى | |
| 245 | 1 | 0 |
_aدفاع عن القرآن ضد منتقديه / _cعبدالرحمن بدوى |
| 260 |
_aالقاهرة : _bالدار العالمية للنشر والتوزيع ، _c1999 |
||
| 300 |
_a199 ص ؛ _c24 سم |
||
| 490 |
_aنافذة على الغرب _v3 |
||
| 650 | 0 | 4 | _aالاسلام والمسيحية |
| 650 | 0 | 4 | _aالثقافة الاسلامية |
| 650 | 0 | 4 | _aالدين المقارن |
| 650 | 0 | 4 | _aالقران - دفع مطاعن |
| 942 |
_2ddc _cBK |
||
| 999 |
_c5392 _d5392 |
||